000 00772nab a2200205 i 4500
001 173625
003 ES-MaACL
005 20240411163029.0
008 091216m19661968sp 000 0 spa d
080 _a94(4)"1914/18"
100 1 _aAzaña, Manuel,
_d1880-1940
_924223
245 1 0 _aNuestra misión en Francia /
_cManuel Azaña.
610 2 4 _aAteneo de Madrid-
_vObras digitalizadas.
_91930
650 4 _aGuerra mundial, 1914-1918
_913212
773 0 _tObras completas / Manuel Azaña,
_dMéxico : Oasis, 1966-1968,
_gv. 1, p. 116-129
_027170
_928197
_w27170
856 _uhttp://www.ateneodemadrid.com/biblioteca_digital/folletos/Discursos-001.pdf
_zVer documento
942 _cANAM
_2udc
999 _c173625
_d173625